Every Nursery Nurse charachter - Statistics

General Stats
  • This quiz has been taken 187 times
    185 since last reset
  • The average score is 18 of 65
Answer Stats
% Correct
Manager Marjorie
99%
Main charachter Charlotte
98%
Mean read head Mia
98%
Needs therapy alongside his sister Reece
93%
Apprentice Carly
80%
Autumms husband Winter
80%
Irish Queen Sorscha
76%
One of the seasons Summer
65%
Is together with Bon Bon Vivian
63%
Head of kitchen Chef
62%
Handyman Eric
62%
Irish queens wife Clodagh
58%
Gay Chef Junior
58%
Left behind Jodie
54%
Crazy deputy manager Deliah
53%
Mean Deputy manager Janice
46%
Deputy manager Autumm
39%
Waitress Sara
39%
Annoying parent Mandy
35%
Was fired Agatha
34%
Left the nursery Madison
34%
Annoying parent Geraldine
33%
Eric’s mother Courtney
28%
Ofsted inspector Kathleen
27%
Pedo Kenny Killerman
23%
Toilet in french Latrine
18%
Autum’s bestfriend Katherine
16%
Younger brother to the pedo Kyle Killerman
15%
Owner Roger Knight
15%
Charlotte’s brother Sean
15%
Is together with Viv Shiobhan
15%
Autumm and Winters baby Dorian Fortune-Knight
14%
Autumm and Winters baby Emery Fortune-Knight
14%
American Daycare Jessica
13%
From beyond the nursery Jessica
13%
American Daycare Ashley
12%
BRYNN! Tessa
12%
Eric’s future date maybe Alex
10%
Vivian’s son Jamie Clark
10%
With a PH Phransis
9%
Left the nursery Agnes
8%
Works in the adult film industry Bran
8%
Marjorie’s mother Constance Van Ghould
8%
Marjorie’s brother Dorian Van Ghould
8%
American Daycare Tammy-Joe
8%
American Daycare Tanner
8%
Wife to above Katrina
7%
Drove the Staff insane Martha
7%
American Daycare Nate
7%
New parent Bob Keegan
6%
Be the brush Cassandra
6%
Raymond’s father Stephen
6%
Manager for another Nursery Bonita
5%
Went on a date witt Reece Chrissy
5%
Deliverer Glenn
5%
Agatha’s friend Judith
5%
Annoying Apprentice Lydia Ralph
5%
Reece Mia Autumm and deliahs old teacher Mr. Garabaldi
5%
From beyond the nursery Olivia
5%
Staff member Victor
5%
American Daycare Bryce
4%
Carly’s mother Mrs. Morgan
4%
Her family owns this town Nikki Vandahoff
4%
Manager for another nursery Sharon
4%
OG parent Timmy’s mother
4%
No matching quizzes found
Score Distribution
Percent of People with Each Score
Percentile by Number Answered
Your Score History
You have not taken this quiz since the last reset